000 00451nam a2200121 a 4500
008 120416nuuuuuuuu||||||||||||||||| || u
050 _aHC 915 Zam
245 0 0 _aZambia's plan at work 1966-1970
260 _aLusaka
_bOffice of National Development Planning
_cCambridge
300 _a70p. : ill.
350 _a0.00
995 _D0.00
_FCBU-MAIN LIBRARY (Kitwe)
_H1
_I0.00
_M1
_UAVAILABLE
_ZZambiana Collection
999 _c62438
_d62438